| 000 | 00456nam a2200157 a 4500 | ||
|---|---|---|---|
| 005 | 20221118063542.0 | ||
| 008 | 991125n1917 bar 000 0 spa u | ||
| 035 | _aUPN01000039452 | ||
| 049 | _aLT | ||
| 050 | 4 |
_aLB1573 M6 _bM56 |
|
| 245 | 0 | 0 |
_aMi primera lectura : _bnarraciones infantiles / |
| 260 |
_aBarcelona, Esp. : _bR. Sopena, _c1917. |
||
| 300 |
_a[52] p. : _bil. col. |
||
| 650 | 4 |
_aLectura _xEstudio y enseƱanza (Elemental) _92805 |
|
| 905 | _aLibro | ||
| 999 |
_c39452 _d39452 |
||